Detalles MARC
| 000 -CABECERA |
| campo de control de longitud fija |
01016nam a2200241 u 4500 |
| 001 - NÚMERO DE CONTROL |
| campo de control |
000025542 |
| 005 - FECHA Y HORA DE LA ÚLTIMA TRANSACCIÓN |
| campo de control |
20200930023850.0 |
| 008 - DATOS DE LONGITUD FIJA--INFORMACIÓN GENERAL |
| campo de control de longitud fija |
110217s1969 sp r 000 0 spa d |
| 040 ## - FUENTE DE LA CATALOGACIÓN |
| Centro catalogador/agencia de origen |
DO-SdBNP |
| Lengua de catalogación |
spa |
| Centro/agencia transcriptor |
BNPHU |
| 041 17 - CÓDIGO DE LENGUA |
| Código de lengua del texto/banda sonora o título independiente |
spa |
| Código de lengua original |
eng |
| Fuente del código |
Código de idiomas MARC |
| 082 ## - NÚMERO DE LA CLASIFICACIÓN DECIMAL DEWEY |
| Número de clasificación |
nn* |
| Número de documento/Ítem |
nn* |
| 049 ## - FONDOS LOCALES (OCLC) |
| Fondos de biblioteca |
BNGR |
| 100 1# - ENTRADA PRINCIPAL--NOMBRE DE PERSONA |
| Nombre de persona |
Simonde de Sismondi, Jean Charles Leonard, |
| Fechas asociadas al nombre |
1773-1842. |
| 9 (RLIN) |
52199 |
| 240 10 - TÍTULO UNIFORME |
| Título uniforme |
Political economy. |
| Lenguaje de la obra |
Español |
| 245 10 - MENCIÓN DE TÍTULO |
| Título |
Economía política : |
| Resto del título |
articulo "economía política" tomado de la Edinburgh encyclopedia, de Brewster 1815 / |
| Mención de responsabilidad, etc. |
J. C. L. Simonde de Sismondi ; prólogo de Valentín Andrés Alvarez ; traducción de Mercedes Paredes Larrucea. |
| 260 ## - PUBLICACIÓN, DISTRIBUCIÓN, ETC. |
| Lugar de publicación, distribución, etc. |
Madrid : |
| Nombre del editor, distribuidor, etc. |
Alianza, |
| Fecha de publicación, distribución, etc. |
1969. |
| 300 ## - DESCRIPCIÓN FÍSICA |
| Extensión |
248, [13] p. ; |
| Dimensiones |
18 cm. |
| 490 1# - MENCIÓN DE SERIE |
| Mención de serie |
Biblioteca de la Ciencia Económica |
| 534 ## - NOTA SOBRE LA VERSIÓN ORIGINAL |
| Encabezamiento principal del original |
Título original : |
| Mención de título del original |
Political economy |
| 700 1# - PUNTO DE ACCESO ADICIONAL--NOMBRE DE PERSONA |
| Nombre de persona |
Alvarez, Valentín Andrés, |
| Término indicativo de función/relación |
pról. |
| 9 (RLIN) |
52200 |
| 700 1# - PUNTO DE ACCESO ADICIONAL--NOMBRE DE PERSONA |
| Nombre de persona |
Paredes Larrucea, Mercedes, |
| Término indicativo de función/relación |
tr. |
| 9 (RLIN) |
52201 |
| 830 #0 - PUNTO DE ACCESO ADICIONAL DE SERIE-TÍTULO UNIFORME |
| Título uniforme |
Biblioteca de la Ciencia Económica |
| 9 (RLIN) |
52202 |